Filosofía y actualidad: el debate

Salvato in:
Dettagli Bibliografici
Autori principali: Badiou, Alain (Autore), Zizek, Slavoj (Autore)
Natura: Libro
Lingua:spagnolo
Pubblicazione: Buenos Aires Amorrortu 2011
Edizione:1a. ed
Serie:Colección Nómadas
Soggetti:
Tags: Aggiungi Tag
Nessun Tag, puoi essere il primo ad aggiungerne!!

MARC

LEADER 00000cam a2200000 a 4500
001 UCE0492
003 CL-VaPUC
008 140124e20110000ag |||||||||||||||||spa|d
020 |a 9789505184002 
082 0 4 |a 190  |b BAD  |2 21 
100 0 |a Badiou, Alain  |e author  |9 557218 
700 0 |a Zizek, Slavoj  |e author  |9 557221 
245 1 0 |a Filosofía y actualidad: el debate 
250 |a 1a. ed 
300 |a 96 p 
942 |c BK 
945 |d 20140124 15:34:00  |a dcastane 
260 |a Buenos Aires  |b Amorrortu  |c 2011 
650 0 |a Filosofía moderna  |9 258121 
650 0 |a Filosofía contemporánea  |9 265372 
583 |a last modification  |c 20140124 15:34:00  |k Rodrigo Vera 
490 0 |a Colección Nómadas 
999 |c 354597  |d 354595 
952 |0 0  |1 0  |3 erb  |4 0  |6 190_000000000000000_BAD_2011  |7 0  |8 A  |9 460560  |a BIBEDU  |b BIBEDU  |i 5052939  |o 190 BAD 2011  |p 5052939  |r 2019-11-23  |w 2019-11-23  |y BK  |z Catalogado en:20140124  |k FIL